| 000 | 00622nam a2200181Ia 4500 | ||
|---|---|---|---|
| 008 | 151202s9999||||xx |||||||||||||| ||und|| | ||
| 082 | _bPNVM-44713 | ||
| 100 | _aपाठक सरिता. | ||
| 245 | _aभारतीय शास्त्रज्ञ. | ||
| 260 | _b"परिमल प्रकाशन ,औरंगाबाद." | ||
| 260 | _c1992 | ||
| 300 | _a99 | ||
| 600 | _aपाठक सरिता. | ||
| 630 | _aभारतीय शास्त्रज्ञ. | ||
| 700 | _aपाठक सरिता. | ||
| 730 | _aभारतीय शास्त्रज्ञ. | ||
| 942 | _cBOOK | ||
| 999 |
_c1310665 _d1310662 |
||